Allenatori Vincitori Europei - Statistics

Statistiche generali
  • Questo quiz è stato fatto 33 volte
    30 dall'ultimo reset
  • Il punteggio medio è 3 su 17
Statistiche sulle risposte
Edizione Nazione Allenatore % Corretto
2020 Italia Roberto Mancini
100%
2012 Spagna Vicente del Bosque
79%
2024 Spagna Luis de la Fuente
42%
1968 Italia Ferruccio Valcareggi
29%
2016 Portogallo Fernando Santos
25%
2008 Spagna Luis Aragonés
21%
2004 Germania Otto Rehhagel
8%
1988 Paesi Bassi Rinus Michels
8%
1996 Germania Berti Vogts
4%
1972 Germania Ovest Helmut Schön
4%
1980 Germania Ovest Jupp Derwall
4%
1984 Francia Michel Hidalgo
4%
1992 Danimarca Richard Møller Nielsen
4%
1960 Unione Sovietica Gavriil Kačalin
0%
1964 Spagna José Villalonga
0%
2000 Francia Roger Lemerre
0%
1976 Cecoslovacchia Václav Ježek
0%
Nessun quiz corrispondente trovato
Distribuzione punteggi
Percentuale di utenti per punteggio
Percentile per numero di risposta
I tuoi punteggi nel tempo
Non hai fatto questo quiz dall'ultimo reset